Trouve le bon footballeur #2 - Statistiques

Statistiques générales
  • Ce quiz a été pris 2 593 fois
  • Le résultat moyen est 14 sur 20
Statistiques - réponses
Indice Footballeur % Correct
Il a rompu avec Shakira Gérard Piqué
98%
Léo ou Lionel Lionel Messi
97%
CR7 Christiano Ronaldo
94%
Attaquant égyptien qui a l'habitude de perdre des finales Mohamed Salah
92%
Gardien du Bayern depuis 2011 Manuel Neuer
90%
"La main de Dieu" (1986) Diego Maradona
89%
Spurs et Coréen Heung-Min Son
89%
Un uruguayen quelque peu "mordant" Luis Suarez
89%
..., Je crois pas que vous connaissez, Il sort de nulle part, Une frappe de bâtard, On a ... Benjamin Pavard
85%
Il est né le 19 décembre 1987 à Lyon Karim Benzema
83%
Deuxième meilleur buteur de l'histoire de la Bundesliga Robert Lewandowski
82%
Un DZ à City Riyad Mahrez
81%
Joueur sénégalais élu meilleur défenseur de la Série A en 2017, 2018 et 2019 Kalidou Koulibaly
79%
Joueur du Real Madrid le plus titré (25 trophées) Marcelo
57%
Joueur d'Angers, il marque le premier but marocain pour la CAN 2021 Sofiane Boufal
50%
Il a sorti en 2020 l'album "Heavy Stepper" Memphis Depay
48%
Défenseur central français d'origine ghanéenne formé au FC Nantes, il a gagné une ligue des champions, une coupe du monde et un euro Marcel Dessailly
43%
Capitaine du LOSC lorsqu'ils sont sacrés champions en 2011, il est né sur un bateau Rio Mavuba
36%
Légende de la Fiorentina Gabriel Batistuta
21%
Ancien joueur de Lens qui meurt sur le terrain lors d'une rencontre internationale Marc-Vivien Foé
19%
Aucun quiz correspondant
Distribution des résultats
% des personnes avec chaque résultat
Percentile par nombre de réponses
Votre historique - résultats
Vous n’avez pas pris ce quiz